Countries with the Highest Electricity Production - Statistics

General Stats
  • This quiz has been taken 34 times
  • The average score is 9 of 10
Answer Stats
Production Countries % Correct
5,882.94 China
100%
4,095.49 United States
100%
612.79 Germany
97%
989.34 Japan
97%
1,031.32 Russia
97%
567.95 Brazil
94%
529.11 France
94%
1,386.44 India
94%
649.63 Canada
91%
526.03 South Korea
85%
No matching quizzes found
Score Distribution
Percent of People with Each Score
Percentile by Number Answered
Your Score History
You have not taken this quiz